| 000 | 01182nam a22002895a 4500 | ||
|---|---|---|---|
| 003 | OSt | ||
| 005 | 20161121111053.0 | ||
| 008 | 161121s2014 ua frb 000 0 ara d | ||
| 015 | _a2013/8361 | ||
| 020 | _a9789770472880 | ||
| 040 |
_aEG-ScBUE _bara _cEG-ScBUE |
||
| 082 | 0 | 4 |
_a344.04196 _bط ا ي _222 |
| 100 | 1 | _aطايع، هاني. | |
| 245 | 1 | 0 |
_aتكنولوجيا بصمة الحامض النووي في المجال الجنائي / _cهاني طايع. |
| 246 | 3 | _aتكنولوجيا بصمة الحمض النووي في المجال الجنائي | |
| 246 | 3 | _aتكنولوجيا بصمة الحامض النووي DNA في المجال الجنائي | |
| 260 |
_aالقاهرة : _bدار النهضة العربية، _c2014. |
||
| 300 |
_a357 ص. ؛ _c24 سم. |
||
| 504 | _aيشتمل على إرجاعات ببليوجرافية. | ||
| 650 |
_aالبصمة الوراثية _xقوانين وتشريعات. _2BUEsh |
||
| 650 |
_aالبحث الجنائي. _2BUEsh _921928 |
||
| 650 |
_aالطب الشرعى. _2BUEsh |
||
| 650 |
_aالهندسة الوراثية. _2BUEsh _916950 |
||
| 651 | _2BUEsh | ||
| 653 |
_bLLAAWW _cNovember2016 |
||
| 942 | _2ddc | ||
| 999 |
_c23219 _d23191 |
||